000 00624nam a2200229Ia 4500
005 20241129110950.0
008 241129s9999||||xx |||||||||||||| ||und||
020 _a978-1-3502-5676-7
037 _aTB
040 _aCRL
_beng
_cCRL
041 _aeng
_2eng
084 _aR5 R3
_qCRL
100 _aHick Darren Hudson Au.
245 0 _aIntroducing aesthetics and the philosophy of Art
_cHick Darren Hudson Au.
250 _a3rd
260 _aLondon, UK
_bBloomsbury Academic
_c2023
300 _axiii,350p.
365 _aUKP
_b21.99
650 _aAesthetics
942 _cTB
_hR5 R3
999 _c1228316
_d1228316